000
00352nam a2200169Ia 4500
100
_a
Park/Chan S
650
_a
Economics
250
_a
3
942
_c
BK
654
_a
economics
245
_a
Contemporary Engineering Economics
260
_b
prentice hall
_c
2002
082
_a
658.5035
_b
PAR
300
_a
920
546
_a
ENGLISH
999
_c
23985
_d
23985